000 00802nam a2200277 a 4500
001 000041848
003 DO-SdBNP
005 20250606135250.0
007 000041848
008 131018s1999 sp 000 0 spa d
020 _a8483280159
040 _aBPMSU
_bspa
_cBPMSU
082 4 _a823.91
_bO79r 1999
_222
100 1 _aOrwell, George,
_d1903-1950
240 _aAnimal Farm
_lespañol
245 1 0 _aRebelión en la granja /
_bGeorge Orwell
260 _aMadrid :
_bMilenium,
_c1999
300 _a126p. ;
_c20 cm.
490 0 _aMilenium ;
_a Las 100 joyas del milenio
_v48
590 _aInventariado, 2025/VM
650 4 _aNovela inglesa
650 4 _aClases sociales
_vNovela
650 4 _aCorrupción política
_v Novela
910 _aVMateo V. Control de calidad. BPMSU
942 _2ddc
_cBK
999 _c8704
_d8704